书目信息 |
| 题名: |
全国统一房屋修缮工程预算定额 古建筑分册(明清·下)
|
|
| 作者: | 北京市市政管理委员会 主编 | |
| 分册: | ||
| 出版信息: | 北京 中国计划出版社 1996.1 |
|
| 页数: | 310页 | |
| 开本: | 32开 | |
| 丛书名: | ||
| 单 册: | ||
| 中图分类: | TU723.3 | |
| 科图分类: | ||
| 主题词: | 建筑工程--施工组织 , 建筑工程--施工计划 | |
| 电子资源: | ||
| ISBN: | ||
| 000 | 00751nam0 2200205 45 | |
| 001 | 0009181612 | |
| 005 | 20001229152945.9 | |
| 010 | @d14.00元 | |
| 100 | @a20000918d1996 km y0chiy0120 ea | |
| 101 | 0 | @achi |
| 105 | @a z 000yy | |
| 200 | 1 | @a全国统一房屋修缮工程预算定额 古建筑分册(明清·下)@AQuan Guo Tong Yi Fang Wu Xiu Shan Gong Cheng Yu SuanDing E Gu Jian Zhu Fen Ce(Ming Qing·Xia)@f北京 市市政管理委员会主 编@FBei Jing Shi ShiZheng Guan LiWei Yuan Hui Zhu Bian |
| 210 | @d1996.1@a北京@c中国计划出版社 | |
| 215 | @d32开@a310页 | |
| 606 | 0 | @a建筑工程@x施工组织 |
| 606 | 0 | @a建筑工程@x施工计划 |
| 690 | @aTU723.3@v3 | |
| 701 | 0 | @a北京市市政管理委员会@4主编 |
| 801 | @aCN@bPftUser@c20000918 | |
| 905 | @dTU723.3@eB:785/4:3@b317886-887@f2 | |
| 全国统一房屋修缮工程预算定额 古建筑分册(明清·下)/北京 市市政管理委员会主 编.-1996.1;北京:中国计划出版社 |
| 32开;310页 |
| ISBN :14.00元 |
| ● |
| 相关链接 |
|
|
|
正题名:全国统一房屋修缮工程预算定额古建筑分册(
索取号:TU723.3/B:785/4:3
 
预约/预借
| 序号 | 登录号 | 条形码 | 馆藏地/架位号 | 状态 | 备注 |
| 1 | 317886 | 203178863 | 自科二线404/404自科库 3排2列4层/ [索取号:TU723.3/B:785/4:3] | 在馆 | |
| 2 | 317887 | 203178872 | 自科二线404/404自科库 3排2列4层/ [索取号:TU723.3/B:785/4:3] | 在馆 |